FC Bayern Münih Current Squad (25/26) - Statistics

General Stats
  • This quiz has been taken 47 times
    10 since last reset
  • The average score is 24 of 28
Answer Stats
Answer % Correct
Aleksandar Pavlovic
100%
Alphonso Davies
100%
Dayot Upamecano
100%
Harry Kane
100%
Hiroki Ito
100%
Jamal Musiala
100%
Jonathan Tah
100%
Joshua Kimmich
100%
Josip Stanisic
100%
Konrad Laimer
100%
Lennart Karl
100%
Luis Díaz
100%
Manuel Neuer
100%
Mİn-jae Kim
100%
Raphaël Guerreiro
100%
Sven Ulreich
100%
Vincent Kompany
100%
Jonas Urbig
89%
Leon Goretzka
89%
Michael Olise
89%
Nicolas Jackson
89%
Sacha Boey
89%
Serge Gnabry
89%
Tom Bischof
67%
Wisdom Mike
67%
David Santos Daiber
22%
Bara Sapoko Ndiaye
11%
Leon Klanac
0%
No matching quizzes found
Score Distribution
Percent of People with Each Score
Percentile by Number Answered
Your Score History
You have not taken this quiz since the last reset